000 00337nam a22001457a 4500
008 221121b ||||| |||| 00| 0 eng d
020 _a9781464175947
041 _aeng
080 _2FOURTH EDITION
_a159.9
082 _a159.9 BEL
100 _a25
101 _aPSI
245 _aEXPERIENCING THE LIFESPAN
_cBELSKY J
942 _2udc
_cBK
999 _c58988
_d58988